000
00313nam a22001217a 4500
008
230501b |||||||| |||| 00| 0 eng d
100
_a
N. V. Paranjape
245
_a
Law Relating to Arbitration & Conciliation in India
260
_a
Allahabad
_b
ALA
_c
2010
300
_a
432
546
_a
English
942
_2
ddc
_c
BK
999
_c
19950
_d
19950